<?xml version="1.0" encoding="UTF-8"?>
<collection xmlns="http://www.loc.gov/MARC21/slim">
 <record>
  <leader>00929nam a22002415a 4500</leader>
  <controlfield tag="001">CEM.cems019720</controlfield>
  <controlfield tag="008">221012s2009####ag############000#0#####d</controlfield>
  <controlfield tag="005">20221012103725.0</controlfield>
  <datafield tag="245" ind1="1" ind2="0">
   <subfield code="a">El viento en los sauces /</subfield>
   <subfield code="c">Kenneth Grahame ; traducido por Patricia Roggio ; ilustrado por mEy!.</subfield>
  </datafield>
  <datafield tag="260" ind1=" " ind2=" ">
   <subfield code="a">Buenos Aires :</subfield>
   <subfield code="b">Letra Impresa,</subfield>
   <subfield code="c">2009.</subfield>
  </datafield>
  <datafield tag="300" ind1=" " ind2=" ">
   <subfield code="a">168 p.</subfield>
  </datafield>
  <datafield tag="490" ind1="0" ind2=" ">
   <subfield code="a">La Puerta Secreta ;</subfield>
   <subfield code="v">13</subfield>
  </datafield>
  <datafield tag="505" ind1="0" ind2=" ">
   <subfield code="a">La puerta secreta -- La llave maestra -- El viento en los sauces -- Los secretos de El viento en los sauces -- Nuevas puertas para abrir</subfield>
  </datafield>
  <datafield tag="020" ind1=" " ind2=" ">
   <subfield code="a">979871565085</subfield>
  </datafield>
  <datafield tag="100" ind1="1" ind2=" ">
   <subfield code="a">Roggio, Patricia; trad.</subfield>
  </datafield>
  <datafield tag="700" ind1="1" ind2=" ">
   <subfield code="a">mEy!; il.</subfield>
  </datafield>
  <datafield tag="082" ind1="0" ind2="4">
   <subfield code="a">823.9</subfield>
  </datafield>
  <datafield tag="653" ind1=" " ind2=" ">
   <subfield code="a">Literatura infantil</subfield>
  </datafield>
  <datafield tag="653" ind1=" " ind2=" ">
   <subfield code="a">Literatura juvenil</subfield>
  </datafield>
  <datafield tag="653" ind1=" " ind2=" ">
   <subfield code="a">Literatura inglesa</subfield>
  </datafield>
  <datafield tag="653" ind1=" " ind2=" ">
   <subfield code="a">Novelas</subfield>
  </datafield>
  <datafield tag="859" ind1=" " ind2=" ">
   <subfield code="a">CEMS</subfield>
   <subfield code="b">BIB. CEMS - Inicial y Primaria</subfield>
   <subfield code="h">823.9</subfield>
   <subfield code="i">G760</subfield>
   <subfield code="k">IP</subfield>
   <subfield code="p">2434</subfield>
   <subfield code="t">Ej.1</subfield>
  </datafield>
  <datafield tag="859" ind1=" " ind2=" ">
   <subfield code="a">CEMS</subfield>
   <subfield code="b">BIB. CEMS - Inicial y Primaria</subfield>
   <subfield code="h">823.9</subfield>
   <subfield code="i">G760</subfield>
   <subfield code="k">IP</subfield>
   <subfield code="p">3805</subfield>
   <subfield code="t">Ej.2</subfield>
  </datafield>
 </record>
</collection>
